University Home | Library Home | Institutional Repository

Redifining the Subject: (Record no. 117606)

MARC details
000 -LEADER
fixed length control field 00547cam a2200169 4500
008 - FIXED-LENGTH DATA ELEMENTS--GENERAL INFORMATION
fixed length control field 120405n 000 0 eng u
020 ## - INTERNATIONAL STANDARD BOOK NUMBER
International Standard Book Number 9042011750
035 ## - SYSTEM CONTROL NUMBER
System control number (Sirsi) a175834
050 ## - LIBRARY OF CONGRESS CALL NUMBER
Classification number PR 111.C2 STU 2003
100 ## - MAIN ENTRY--PERSONAL NAME
Personal name Sturgess, Charlotte
245 ## - TITLE STATEMENT
Title Redifining the Subject:
Remainder of title Sites of Play in Canadian Women's Writing/
Statement of responsibility, etc. by Charlotte Sturgess
260 ## - PUBLICATION, DISTRIBUTION, ETC.
Place of publication, distribution, etc. Amsterdam:
Name of publisher, distributor, etc. Rodopi,
Date of publication, distribution, etc. 2003.
300 ## - PHYSICAL DESCRIPTION
Extent 158p.
504 ## - BIBLIOGRAPHY, ETC. NOTE
Bibliography, etc. note Includes bibliographical references
650 ## - SUBJECT ADDED ENTRY--TOPICAL TERM
Topical term or geographic name entry element Women Authors, Canadian
650 ## - SUBJECT ADDED ENTRY--TOPICAL TERM
Topical term or geographic name entry element Canadian Women Authors
Holdings
Withdrawn status Lost status Source of classification or shelving scheme Damaged status Not for loan Home library Current library Shelving location Cost, normal purchase price Total Checkouts Full call number Barcode Date last seen Copy number Price effective from Koha item type
    Library of Congress Classification     Main Library Main Library On Shelf 0.00   PR 111.C2 STU 2003 33729005884718 08/21/2019 1 08/21/2019 Book
© 2026 - The University of Zambia Library - Koha v25.11